Регионална библиотека "Любен Каравелов" - Русе

Избрани творби (Запис номер 124814)

MARC детайли
000 -Лидер
Контролно поле с фиксирана дължина nam a22 a 4500
003 - Код на организацията, давaща контролен номер
Контролно поле BLK
005 - Дата и час на последна редакция
Контролно поле 20230202150832.0
008 - Елементи от данни с фиксирана дължина
fixed length control field 180409b bul|||||r ||||||| ||bul||
010 ## - Наследен системен номер
LC control number KNG00130482000
040 ## - Източник на каталожния запис
Идентификатор на билиотеката - собственик на записа BLK
041 ## - Код за език
Код за езика на текст/звукозапис или на отделно заглавие Български
Код за езика КДБФ Български
080 ## - УДК
Текстов определител УДК Френска литература
УДК код - определител по УДК 821.133.1
УДК определител (081)
УДК - код + определител 821.133.1(081)
080 ## - УДК
Текстов определител УДК Френска литература
УДК код - определител по УДК 821.133.1
УДК определител -31
УДК - код + определител 821.133.1-31
080 ## - УДК
Текстов определител УДК Френска литература
УДК код - определител по УДК 821.133.1
УДК определител -32
УДК - код + определител 821.133.1-32
100 1# - Редна дума - Автор
Автор Балзак, Оноре дьо
Авторска отговорност първи автор
R(LIN) 376104
139 ## - Редно поле
Редна дума Балзак, Оноре дьо
Авторски знак Балз - Б 22
245 10 - Сведения за заглавието
Заглавие Избрани творби
Подзаглавни данни В 10 т.
Редно поле (дума) Оноре дьо Балзак; предг. от Христо Тодоров; прев. на том Дора Попова.
Том Т. 5
Заглавие на том Епизод от времето на терора и др.
257 ## - Страна на издаване
Страна на създаване/издаване Франция
260 ## - Област на издателските данни
Име на издателя, разпространителя и проч. Нар. култура
Година на издаване 1983 -
Място на издаване, разпространение и проч. София
300 ## - Физическа характеристика
Размери/Мащаб 21 см
380 ## - Жанр
Жанр Худож. лит.
500 ## - Общи забележки
Забележка Други ред. : Л. Стефанова, П. Пройкова. - 100 125 тир.
700 1# - Други автори (авторска отговорност)
Лично име Тодоров, Христо
Автороска отговорност (Описва отношението между автора и произведението) предг. от
9 (RLIN) 364806
700 1# - Други автори (авторска отговорност)
Лично име Попова, Дора
Автороска отговорност (Описва отношението между автора и произведението) прев. на том
9 (RLIN) 365127
760 1# - Описание на основната серия
Редна дума на основното описание Балзак, Оноре дьо
Място на издаване, издател и година 1984
Страници - том 485 с.
Забележка - том Ориг. загл. Un episode sous la terreur ; Les petits bourgeois ; Une tenebreuse affaire ; Z. Marcas / Balzac. - Съдържа и Дребни буржоа, Една тъмна афера, З. Маркас.
Заглавие Т. 5 Епизод от времето на терора и др.
852 ## - Местоположение
Форматна сигнатура Цб 120854
Фондова буква Хранилище
999 ## - СИСТЕМНИ КОНТРОЛНИ НОМЕРА
Koha biblionumber 124814
Koha biblioitemnumber 124814
942 ## - АРТИКУЛИ
Вид на библиотечния материал Книги
Скрит в OPAC Не
Koha issues (borrowed), all copies 1
Периодичен библиозапис Да
944 ## - СЪЗДАВАНЕ И РЕДАКЦИЯ на ЗАПИСА
Създаване/Редакция Създаване
Дата на регистрацията/редакция 11.05.2012
Статус, дата на статуса 11.05.2012 - от С1,Р / 11.05.2012
Служител, извършил регистрацията/редакцията Виолета_Тройчева
944 ## - СЪЗДАВАНЕ И РЕДАКЦИЯ на ЗАПИСА
Създаване/Редакция Редакция
Дата на регистрацията/редакция 20.02.2018
Статус, дата на статуса 11.05.2012 - от С1,Р / 11.05.2012
Служител, извършил регистрацията/редакцията Кети_Илиева
999 ## - СИСТЕМНИ КОНТРОЛНИ НОМЕРА
Koha biblioitemnumber 124814
Наличности
Код за отписване Код за изгубен артикул Източник на класификационната схема Код за повреда Коз за рестрикции Код за отдаване Артикулен № Име на библиотеката - собственик Име на библиотеката, в която се намира в момента Статус (Текущо местоположение) Дата на вписване в системата Местоположение - отдел Цена в лева Инвентарен номер Систематично азбучна сигнатура Баркод Номер на екземпляра Цена в евро Служебна бележка Служебен тип на артикула Бележка за публиката
  Не е изгубен Universal Decimal Classification Не е повреден само за читалня ползва се в читалня 202576 Регионална библиотека "Любен Каравелов" Русе Регионална библиотека "Любен Каравелов" Русе Хранилище 1983-01-01 Хранилище 3.65 417115 Цб 120854 120000417115 1 1.87 Дост: Dp Вид: Д N: стар фонд Дата: 01.01.1983 Книги  
Изтеглен Не е изгубен   Не е повреден без рестрикции заемане за дома 202577 Регионална библиотека "Любен Каравелов" Русе Регионална библиотека "Любен Каравелов" Русе   1983-01-01 Заемна - подръчен фонд 3.65 416068 П 840(081)/Б 22 416068 2 1.87 Дост: Pk Вид: Ф N: стар фонд Дата: 01.01.1983 Книги Отч.N: 5 , Дата: 19.01.2018
Изтеглен Не е изгубен Universal Decimal Classification Не е повреден без рестрикции заемане за дома 202578 Регионална библиотека "Любен Каравелов" Русе Регионална библиотека "Любен Каравелов" Русе Заемна - подръчен фонд 1983-01-01 Заемна - подръчен фонд 3.65 416069 П 840(081)/Б 22 416069 3 1.87 Дост: Pk Вид: Ф N: стар фонд Дата: 01.01.1983 Книги  
Изтеглен Не е изгубен Universal Decimal Classification Не е повреден без рестрикции заемане за дома 202579 Регионална библиотека "Любен Каравелов" Русе Регионална библиотека "Любен Каравелов" Русе Заемна - подръчен фонд 1983-01-01 Заемна - подръчен фонд 3.65 416074 П 840(081)/Б 22 416074 4 1.87 Дост: Pk Вид: Ф N: стар фонд Дата: 01.01.1983 Книги  
  Не е изгубен Universal Decimal Classification Не е повреден без рестрикции заемане за дома 202580 Регионална библиотека "Любен Каравелов" Русе Регионална библиотека "Любен Каравелов" Русе Заемна - подръчен фонд 1984-01-01 Заемна - подръчен фонд 3.65 416070 П 840(081)/Б 22 120000416070 5 1.87 Вид: Сф Дата: 01.01.1984 Дата инв: 20.02.2018 Бележки инв: П2018 Книги  
Vip Innovations Ltd, Rousse, Bulgaria 2025